| 000 | 01369nam a2200217Ia 4500 | ||
|---|---|---|---|
| 001 | 10042 | ||
| 003 | GE_BSU | ||
| 008 | 181216s||||||||xx |||||||||||||| ||und|| | ||
| 040 | _cGE_BSU | ||
| 080 | _a930(479.22)(092)+ 94(479.22)(063) | ||
| 245 | _aისტორიული რეპრეზენტაცია: თეორიული მიმართულებანი და კონკრეტული კვლევები = Representing history: Theoretical trends aned case studies | ||
| 245 | _bაკად. მარიამ ლორთქიფანიძის დაბადების 90-ე წლისთავისადმი მიძღვნილი აერთაშ. კონფერენცია, 2014 | ||
| 245 | _cრედ:მარიამ ჩხარტიშვილი;სარედ.ჯგ:მანუჩარ გუნცაძე და სხვ. | ||
| 260 | _aთბილისი. | ||
| 260 | _bთბილისის უნ-ტის გამ-ბა. | ||
| 260 | _c2014. | ||
| 300 | _a336გვ;26სმ. | ||
| 300 | _bთეზისები ქართულ და ინგლისურ ენებზე.11ფ.პორტრ. | ||
| 653 | _aქართველი ისტორიკოსები; საქართველოს ისტორია | ||
| 942 | _cBK | ||
| 999 |
_c43315 _d43315 |
||